Statistics for Pokémon Doubly Weak to Fairy

Click here to take the quiz!

General Stats

  • This quiz has been taken 14 times
  • The average score is 11 of 12

Answer Stats

NumberTypesAnswer% Correct
0783Dragon/FightingHakamo-o
100%
0784Dragon/FightingKommo-o
100%
0633Dark/DragonDeino
91%
0799Dark/DragonGuzzlord
91%
0635Dark/DragonHydreigon
91%
0560Dark/FightingScrafty
91%
0559Dark/FightingScraggy
91%
0634Dark/DragonZweilous
91%
1007Fighting/DragonKoraidon
82%
0675Fighting/DarkPangoro
82%
1005Dragon/DarkRoaring Moon
82%
0892Fighting/DarkUrshifu (Single Strike Style)
82%

Score Distribution

Percentile by Number Answered

Percent of People with Each Score

Your Score History

You have not taken this quiz